Vista normal Vista MARC

Entrada Personal Name

Número de registros utilizados en: 2

001 - CONTROL NUMBER

  • control field: 67176

003 - CONTROL NUMBER IDENTIFIER

  • control field: OSt

005 - DATE AND TIME OF LATEST TRANSACTION

  • control field: 20251112143015.0

008 - FIXED-LENGTH DATA ELEMENTS

  • fixed length control field: 251112|| aca||aabn | a|a d

040 ## - CATALOGING SOURCE

  • Original cataloging agency: OSt
  • Transcribing agency: OSt

100 ## - HEADING--PERSONAL NAME

  • Personal name: Bedoya de Acuña, Consuelo

670 ## - SOURCE DATA FOUND

  • Source citation: Work cat.: (OSt)59920: Figueroa Duarte, Sandra aut 67174, 500 recetas de cocina vegetariana /









Instituto Departamental de Cultura del Meta - Red Departamental de Bibliotecas Públicas del Meta.